| 000 | 00383nam a22001337a 4500 | ||
|---|---|---|---|
| 090 | _c10749 | ||
| 008 | 090208t xxu||||| |||| 00| 0 eng d | ||
| 020 | _a8125914250 | ||
| 082 |
_222 _a006.3 _bSIV |
||
| 245 |
_aIntroduction to Artificial Neural Networks/ _cS. N. Sivanandam & M. Paulraj |
||
| 260 |
_aNew Delhi: _bVikas, _c2007 |
||
| 300 |
_a223 p.: _bill.; _c20 cm. |
||
| 942 |
_2ddc _cBB |
||
| 999 |
_c10749 _d10749 |
||